New urbanism and beyond : (Record no. 7563)

000 -LEADER
fixed length control field 00576cam a22001814a 4500
003 - CONTROL NUMBER IDENTIFIER
control field OSt
005 - DATE AND TIME OF LATEST TRANSACTION
control field 20200313112915.0
008 - FIXED-LENGTH DATA ELEMENTS--GENERAL INFORMATION
fixed length control field 071217s2008 nyuab b 001 0 eng
020 ## - INTERNATIONAL STANDARD BOOK NUMBER
International Standard Book Number 9780847831111
082 ## - DEWEY DECIMAL CLASSIFICATION NUMBER
Edition number 711.4
245 00 - TITLE STATEMENT
Title New urbanism and beyond :
Remainder of title designing cities for the future /
Statement of responsibility, etc edited by Tigran Haas.
260 ## - PUBLICATION, DISTRIBUTION, ETC. (IMPRINT)
Place of publication, distribution, etc New York :
Name of publisher, distributor, etc Rizzoli,
Date of publication, distribution, etc 2008.
300 ## - PHYSICAL DESCRIPTION
Extent 349 p. :
Other physical details ill. (some col.), maps (some col.) ;
Dimensions 29 cm.
504 ## - BIBLIOGRAPHY, ETC. NOTE
Bibliography, etc Includes bibliographical references (p. 322-337) and index.
650 #0 - SUBJECT ADDED ENTRY--TOPICAL TERM
Topical term or geographic name as entry element City planning.
700 1# - ADDED ENTRY--PERSONAL NAME
Personal name Haas, Tigran.
942 ## - ADDED ENTRY ELEMENTS (KOHA)
Source of classification or shelving scheme
Holdings
Withdrawn status Lost status Source of classification or shelving scheme Damaged status Koha normalized classification for sorting Not for loan Permanent location Current location Date acquired Total Checkouts Full call number Barcode Date last seen Date last borrowed Price effective from Koha item type
        711_400000000000000_TIG   BMS College of Architecture, Design and Planning BMS College of Architecture, Design and Planning 2020-03-13 1 711.4 TIG AR-RD79 2022-03-23 2022-03-11 2020-03-13 R&D Books
        711_400000000000000_TIG   BMS College of Architecture, Design and Planning BMS College of Architecture, Design and Planning 2020-03-13   711.4 TIG AR-PG242 2020-03-13   2020-03-13 PG Books
Copyright © 2025, The Librarian, Library and Information Centre, BMSCA D&P, Bengaluru. All Rights Reserved
web counter

Powered by Koha